01171nam a2200205Ia 450000100060000000300070000600800410001304000110005408000170006510001440008224501860022624501810041224500570059326000270065026000320067726000090070930000240071830000370074265301860077911220GE_BSU181216s||||||||xx |||||||||||||| ||und|| cGE_BSU a725.1(075.8) aს. მესარქიშვილი, ფ. მაჭავარიანი, დ. ბოჭორიშვილი და სხვ. aღვინის, შამპანურისა და კონიაკის ქარხნების დაპროექტების საფუძვლები bგამოც. სახელმძღ. სას-სამ. ინ-ტის მეღვინეობის ტექნოლოგიის სპეც. სტუდ. cრედ: ს. მესარქიშვილი aთბილისი. bგანათლება c1984 a317გვ.22სმ. eდანართი გვ.288 aღვინის, შამპანურისა და კონიაკის ქარხნების დაპროექტების საფუძვლები